000 00795nam a2200277Ia 4500
008 160803s9999 xx 000 0 und d
020 _a 978-0545340977
100 _aStilton, Geronimo
245 4 _aThe mystery in Venice /
245 _cGeronimo Stilton ; translated by Julia Heim.
260 _aNew York :
260 _bScholastic Inc.
260 _c2012
300 _a108 pages :
300 _bcolor illustrations ;
300 _c20 cm.
440 _aGeronimo Stilton ;
440 _vbk. 48
500 _aTranslation of: Il mistero della gondola di cristallo.
650 _aComic books, strips, etc.
650 _aMice --
650 _aStilton, Geronimo (Fictitious character) --
650 _xJuvenile fiction.
650 _xJuvenile fiction.
700 _a680
999 _c298256
_d298256